Szczegóły MARC21

XII Sejmik Morski : Międzynarodowe uwarunkowania rozwoju transportu morsko-lądowego Polski, Szczecin - Łukęcin 16-17 maja 1996 r. /

003 -Nazwa inst., której nr kontr. jest w polu 001 [,]
    • @
    • Nazwa instytucji, której n kontrolny jest w polu 001
    • NUKAT
005 -DATA I CZAS OSTATNIEJ MODYFIKACJI [,]
    • @
    • pole kontrolne
    • 20241231111718.0
040 -Instytucja sporządzająca opis [ , ]
    • a
    • Instytucja, która sporządziła opis (NP)
    • NUKAT
    • c
    • Instytucja, która sporządziła rekord (NP)
    • GD PAN/EP
    • d
    • Instytucja, która zmodyfikowała rekord (P)
    • GD PAN/AP
942 -Rodzaj dokumentu [ , ]
    • c
    • Rodzaj dokumentu
    • Książka
111 -Hasło główne - nazwa imprezy [2, ]
    • a
    • Nazwa imprezy (NP)
    • Sejmik Morski Find
    • n
    • Numer imprezy (P)
    • (12 ;
    • d
    • Data imprezy (NP)
    • 1996 ;
    • c
    • Miejsce imprezy (NP)
    • Szczecin / Łukęcin).
    • 9
    • KHW
    • 646249
245 -Strefa tytułu i oznaczenia odpowiedzialności [1,0]
    • a
    • Tytuł
    • XII Sejmik Morski : Find
    • b
    • Ciąg dalszy tytułu (NP)
    • Międzynarodowe uwarunkowania rozwoju transportu morsko-lądowego Polski, Szczecin - Łukęcin 16-17 maja 1996 r. / Find
    • c
    • Pozostałe elementy strefy tytułu i oznaczenia odpowiedzialności (NP)
    • Stowarzyszenie "Civitas Christiana". Ośrodek Myśli Morskiej.
246 -Wariant tytułu [3,0]
    • a
    • Tytuł (NP)
    • Sejmik Morski, 12
260 -Strefa adresu wydawniczego [ , ]
    • a
    • Miejsce wydania (P)
    • Szczecin :
    • b
    • Nazwa wydawcy (P)
    • Stowarzyszenie Civitas Christiana :
    • b
    • Nazwa wydawcy (P)
    • FOKA,
    • c
    • Data wydania (P)
    • 1997.
300 -Strefa opisu fizycznego [ , ]
    • a
    • Określenie formy książki i/lub objętość (NP)
    • 438 s. :
    • b
    • Oznaczenie ilustracji (NP)
    • il. ;
    • c
    • Format (NP)
    • 21 cm.
336 -Typ zawartości [ , ]
    • a
    • Termin opisujący typ zawartości
    • Tekst
    • b
    • Kod określający zawartość
    • txt
    • 2
    • Źródło (terminu i kodu)
    • rdacontent
337 -Typ mediów [ , ]
    • a
    • Tryb odtwarzania
    • Bez urządzenia pośredniczącego
    • b
    • Kod typu mediów
    • n
    • 2
    • Źródło (terminu i kodu)
    • rdamedia
338 -Typ/rodzaj nośnika [ , ]
    • a
    • Hasło opisujące typ nośnika
    • Wolumin
    • b
    • Kod typu nośnika
    • nc
    • 2
    • Źródło (terminu i kodu)
    • rdacarrier
490 -Strefa serii i książki wielotomowej - forma nie do wyszukiwania [1, ]
    • a
    • Tytuł (P)
    • Sejmik Morski Find
830 -Hasło dodatkowe serii i opisu książki wielotomowej - tytuł ujednolicony/tytuł [ ,0]
    • a
    • Tytuł ujednolicony/tytuł (NP)
    • Sejmik Morski
    • x
    • ISSN
    • 1231-1782
    • 9
    • KHW
    • 436325
080 -Uniwersalna Klasyfikacja Dziesiętna [ , ]
    • a
    • Symbol klasyfikacji
    • 338.4(26)(061.3)
080 -Uniwersalna Klasyfikacja Dziesiętna [ , ]
    • a
    • Symbol klasyfikacji
    • :342.25(061.3)
080 -Uniwersalna Klasyfikacja Dziesiętna [ , ]
    • a
    • Symbol klasyfikacji
    • :656.61(061.3)
650 -Hasło przedmiotowe [ ,7]
    • a
    • Hasło przedmiotowe
    • Transport morski
    • z
    • Określnik geograficzny
    • Polska
    • y
    • Określnik chronologiczny
    • 1990-
    • v
    • Określnik formalny
    • konferencje.
    • 2
    • Źródło terminu
    • kaba
    • 9
    • KHW
    • 510378
980 -Symbol UKD [ , ]
    • a
    • UKD
    • 338.4(26):342.25:656.61](061.3)
710 -Hasło dodatkowe - nazwa ciała zbiorowego [2, ]
    • a
    • Nazwa ciała zbiorowego lub nazwa geograficzna jako pierwszy element (NP)
    • Katolickie Stowarzyszenie "Civitas Christiana".
    • b
    • Nazwa jednostki podrzędnej (P)
    • Ośrodek Myśli Morskiej.
    • 9
    • KHW
    • 646248
710 -Hasło dodatkowe - nazwa ciała zbiorowego [2, ]
    • a
    • Nazwa ciała zbiorowego lub nazwa geograficzna jako pierwszy element (NP)
    • Wydawnictwo FOKA (Szczecin).
    • 4
    • Kod relacji
    • pbl
    • 9
    • KHW
    • 507929
Status udost. Sygnatura Numer inwentarzowy Data inwentaryzacji Lokalizacja
1Z.91923Z.919231998-07-22BG
-2T.1781T.17812000-01-31T